Central Library OPAC University of Rajshahi

বাংলাদেশর অর্থনীতি / (Record no. 30401)

MARC details
000 -LEADER
fixed length control field 00924nam a2200229 a 4500
001 - CONTROL NUMBER
control field 30401
003 - CONTROL NUMBER IDENTIFIER
rucl marc code BD-RjUL
005 - DATE AND TIME OF LATEST TRANSACTION
control field 20211209051547.0
008 - FIXED-LENGTH DATA ELEMENTS--GENERAL INFORMATION
fixed length control field 160818m20001996bg a 000 0 ben
020 ## - INTERNATIONAL STANDARD BOOK NUMBER
International Standard Book Number 9848090010
Terms of availability : TK. 240.00
035 ## - SYSTEM CONTROL NUMBER
System control number (BD-RjUL)30486
040 ## - CATALOGING SOURCE
Original cataloging agency BD-RjUL
Transcribing agency BD-RjUL
Modifying agency BD-RjUL
Language of cataloging ben
041 ## - LANGUAGE CODE
Language code of text/sound track or separate title ben
082 ## - DEWEY DECIMAL CLASSIFICATION NUMBER
Classification number 330.95492
Author mark and year KHB 2000
Edition number 23
100 ## - MAIN ENTRY--PERSONAL NAME
Personal name খান, মোঃ শামসুল কবীর
9 (RLIN) 117037
245 ## - TITLE STATEMENT
Title বাংলাদেশর অর্থনীতি /
Statement of responsibility, etc. মোঃ শামসুল কবীর খান
260 ## - PUBLICATION, DISTRIBUTION, ETC. (IMPRINT)
Place of publication, distribution, etc. ঢাকা :
Name of publisher, distributor, etc. বাংলাদেশ বিশ্ববিদ্যালয় মঞ্জুরী কমিশন,
Date of publication, distribution, etc. ২০০০.
300 ## - PHYSICAL DESCRIPTION
Pagination ৫১৪ পৃ. :
Illustrations চিএ ;
Size ২১ সেমি.
650 #0 - SUBJECT ADDED ENTRY--TOPICAL TERM
Topical term or geographic name as entry element অর্থনীতি
General subdivision বাংলাদেশ
9 (RLIN) 117038
Topical term or geographic name as entry element Economics
General subdivision Bangladesh
9 (RLIN) 117039
942 ## - ADDED ENTRY ELEMENTS (KOHA)
Source of classification or shelving scheme Dewey Decimal Classification
Koha item type Books
Holdings
Lost status Source of classification or shelving scheme Damaged status Not for loan Collection code Permanent Location Current Location Shelving location Date acquired Source of acquisition Cost, normal purchase price Total Checkouts Full call number Date last seen Copy number Koha item type Date checked out
  Dewey Decimal Classification     Non-fiction Central Library, University of Rajshahi Central Library, University of Rajshahi   24/03/2001 বাংলাদেশ বিশ্ববিদ্যালয় মঞ্জুরী কমিশন 240.00   B 330.95492 KHB 2000 05/07/2015 C-2 Books  
  Dewey Decimal Classification     Non-fiction Central Library, University of Rajshahi Central Library, University of Rajshahi   24/06/2001 University Monjori Comision, Dhaka 240.00 1 B 330.95492 KHB 2000 26/11/2025 C-3 Books 28/10/2025